000 00635nam a2200217 4500
001 00028706
005 20260406095603.0
008 260406b ag ||||| |||| 00| 0 spa d
020 _a9879721136
040 _aAR-CcCEOS
_bspa
_cAR-CcCEOS
041 _aspa
080 _a982
090 _bONE
100 1 _aOnega, Gladys S.,
_d1930-2010
_91017
245 1 5 _aCuando el tiempo era otro :
_bUna historia de infancia en la pampa gringa /
_cGladys Onega
250 _a1ยช ed.
264 _aBuenos Aires :
_bGrijalbo,
_cc1999.
300 _a238 p. ;
_c24x15 cm.
650 0 _aliteratura argentina
_bnovela
_9702
942 _2udc
_n0
_cBK
999 _c28739
_d28739